| 000 | 01069nam a2200325Ii 4500 | ||
|---|---|---|---|
| 001 | DIGOVENEG068 | ||
| 003 | NyNyDIG | ||
| 006 | m o d | ||
| 007 | cr ||||||||||| | ||
| 008 | 140301s2011 ck ob 000 f spa d | ||
| 020 | _z9789580611660 | ||
| 040 |
_aDGITA _beng _epn _cDGITA |
||
| 043 | _as-ck--- | ||
| 100 | 1 | _aMay Jiménez, Richard. | |
| 245 | 1 | 3 |
_aUn libertador africano en América. : _bnovela / _cRichard May Jiménez. |
| 250 | _a1. ed. | ||
| 264 | 1 |
_aBogotá, Colombia : _bEditorial Oveja Negra, _c2011. |
|
| 300 | _a1 online resource (133 pages) | ||
| 336 |
_atext _btxt _2rdacontent |
||
| 337 |
_acomputer _bc _2rdamedia |
||
| 338 |
_aonline resource _bcr _2rdacarrier |
||
| 650 | 0 |
_aBlacks _zColombia _vFiction. |
|
| 655 | 0 | _aColombian fiction | |
| 655 | 0 | _aElectronic books. | |
| 791 | 2 |
_aDigitalia (Firm), _edistributor. |
|
| 793 | 0 |
_gDigitalia eBook Collection: _aEditorial Oveja Negra. |
|
| 856 | 4 | 0 |
_3Digitalia Hispánica _uhttps://www.digitaliapublishing.com/a/19876/ |
| 910 | _aPremium Collection: 2007-2012 | ||
| 942 | _cRAA | ||
| 999 |
_c236679 _d236679 |
||